Psiquiatría infantil para uso de los educadores
Saved in:
| Hovedforfatter: | |
|---|---|
| Format: | Bog |
| Sprog: | spansk |
| Udgivet: |
Madrid
Bruno del Amo
1900
|
| Serier: | Nueva Bibllioteca Pedagógica, 3
|
| Fag: | |
| Tags: |
Tilføj Tag
Ingen Tags, Vær først til at tagge denne postø!
|
MARC
| LEADER | 00000nam a2200000 a 4500 | ||
|---|---|---|---|
| 001 | UCZ5068 | ||
| 003 | CL-VaPUC | ||
| 008 | 951116e19000000SP |||||||||||||||||spa|d | ||
| 082 | 0 | 4 | |a 616.89 |b FAY |2 21 |
| 100 | 0 | |a Fay, H. M |e author |9 349019 | |
| 245 | 1 | 0 | |a Psiquiatría infantil para uso de los educadores |
| 300 | |a 205 p | ||
| 942 | |c BK | ||
| 945 | |d 19951116 00:00:00 |a rleighto | ||
| 260 | |a Madrid |b Bruno del Amo |c 1900 | ||
| 650 | 0 | |a Psiquiatría |9 308427 | |
| 650 | 0 | |a Psicología del niño |9 307305 | |
| 650 | 7 | |a PSICOLOGIA AFECTIVA |2 CL-VaPUC |9 349020 | |
| 650 | 0 | |a Deficiencia mental |9 334734 | |
| 650 | 0 | |a Enfermedades mentales |9 310204 | |
| 650 | 7 | |a ENFERMEDADES DEL SISTEMA NERVIOSO |2 CL-VaPUC |9 269801 | |
| 583 | |a last modification |c 19951116 00:00:00 |k Rodrigo Vera | ||
| 490 | 0 | |a Nueva Bibllioteca Pedagógica, 3 | |
| 999 | |c 241396 |d 241394 | ||